Vista normal Vista MARC
  • José de la Virgen i Herrera

Entrada Personal Name

Número de registros utilizados en: 1

001 - CONTROL NUMBER

  • control field: 26570

003 - CONTROL NUMBER IDENTIFIER

  • control field: ES-SlBCS

005 - DATE AND TIME OF LATEST TRANSACTION

  • control field: 20260630082618.0

008 - FIXED-LENGTH DATA ELEMENTS

  • fixed length control field: 260630|| aca||aabn | a|a d

040 ## - CATALOGING SOURCE

  • Original cataloging agency: ES-SlBCS
  • Transcribing agency: ES-SlBCS

100 ## - HEADING--PERSONAL NAME

  • Personal name: José de la Virgen i Herrera

670 ## - SOURCE DATA FOUND

  • Source citation: Work cat.: (ES-SlBCS): José de la Virgen i Herrera, Doctrina Christiana, moral y dogmatica, , 1734

Bibliotecas Dominicos Provincia Hispania, 2016

Con tecnología Koha